000 00580cam a22001932 4500
001 0000012886
005 20151217155853.0
008 090329s xx 000 0 eng d
040 _aKABU
_cKABU
050 0 _aHG3393
_b.A1C46 2007
110 2 _aCentral Bank of Kenya.
_@0000152522
245 1 0 _aBank supervision annual report.
260 _aNairobi :
_bCentral Bank,
_c2007.
300 _avii, 70 p.
650 0 _aBanks and banking
_vPeriodical
_zKenya.
_@0000152523
852 1 _9500 KES
908 _a090329
950 _@1
999 _c13541
_d13541